overlord - Statistiques

Statistiques générales
  • Ce quiz a été pris 62 fois
  • Le résultat moyen est 18 sur 120
Statistiques - réponses
Réponse % Correct
Momonga
93%
Albedo
83%
Demiurge
73%
Cocytus
68%
Sebas Tian
58%
Aura Bella Fiora
43%
Shalltear Bloodfallen
43%
Touch Me
43%
Victim
43%
Herohero
40%
Mare Bello Fiore
40%
Bukubukuchagama
38%
Gargantua
38%
Peroroncino
38%
Evileye
33%
Gazef Stronoff
30%
Pandora's Actor
28%
Clémentine
25%
Gagaran
25%
Guerrier Takemikazuchi
23%
Tia
23%
Brain Unglaus
20%
Enri Emmot
20%
Nigredo
20%
Zero
20%
Climb
18%
Crusch Lulu
18%
Ulbert Alain Odle
18%
Genjirô
15%
Hamsuke
15%
Jircniv Rune Farlord El Nix
15%
Nishikienrai
15%
Tabula Smaragdina
15%
Tina
15%
Variable Talisman
15%
Zaryusu Shasha
15%
Ankoro Mocchi Mochi
13%
Brita
13%
Coco Doll
13%
Davernoc
13%
Edström
13%
Fluder Paradyne
13%
Hilma Cygnaeus
13%
Malmvist
13%
Nfirea Bareare
13%
Peshurian
13%
Punitto Moe
13%
Bellriver
10%
Coup De Grâce
10%
Imina
10%
Jugem
10%
Lakyus Alvein Dale Aindra
10%
Lizzie Bareare
10%
Pluton Ainzach
10%
Succulent
10%
Yamaiko
10%
Zenberu Gugu
10%
Arche Eeb Rile Furt
8%
Baziwood Peshmel
8%
Cona
8%
Dyne Woodwonder
8%
Dyno
8%
Erya Uzruth
8%
Garnet
8%
Grant
8%
Gringham
8%
Guren
8%
Hekkeran Termite
8%
Kaijali
8%
Khajiit Dale Badantel
8%
Leinas Rockbruise
8%
Nazami Enec
8%
Nemu Emmot
8%
Nigun Grid Luin
8%
Nimble Arc Dale Anoch
8%
Ninya
8%
Parpatra Ogrion
8%
Renner Theiere Chardelon Ryle Vaiself
8%
Roberdyck Goltron
8%
Shasuryu Shasha
8%
Shijûten Suzaku
8%
Tuareninya Veyron
8%
Agu
5%
Barbro Andrean Ield Ryle Vaiself
5%
Chosuke
5%
Comte Terreur
5%
Eclair Ecleir Eicler
5%
Gokou
5%
Kuunel
5%
Kyumei
5%
Luci★Fer
5%
Lukeluther Volve
5%
Nearata
5%
Nobura
5%
Nonisu
5%
Nosuli
5%
Nubo
5%
Paipo
5%
Peter Mork
5%
Raimatsu
5%
Shuringan
5%
Suigyo
5%
Suratan
5%
Theo Rakheshir
5%
Unlai
5%
Zanac Varleon Igana Ryle Vaiself
5%
CZ2128 Delta (Δ)
3%
Auréole Oméga (Ω)
3%
Entoma Vasilissa Zeta (ζ)
3%
Kyuku Zuzu
3%
Lamposa III
3%
Lupusregina Bêta (β)
3%
Marquis Boullope
3%
Matsu
3%
Narberal Gamma (Γ)
3%
Solution Epsilon (ε)
3%
Sukyu Juju
3%
Yaburo
3%
Yuri Alpha (α)
3%
Gurindai
0%
Aucun quiz correspondant
Distribution des résultats
% des personnes avec chaque résultat
Percentile par nombre de réponses
Votre historique - résultats
Vous n’avez pas pris ce quiz